| 000 | 00372nam a22001457a 4500 | ||
|---|---|---|---|
| 005 | 20251007122741.0 | ||
| 008 | 250929b |||||||| |||| 00| 0 eng d | ||
| 020 | _a978-93-48189-22-6 | ||
| 041 | _aHen | ||
| 100 |
_aCHATURVEDI, SATYADEV _98703 |
||
| 245 | _aBHARAT KI PRACHEEN KAHANIYAN | ||
| 260 |
_aUTTAR PRADESH _bAKSHAR PLANT _c2024 |
||
| 300 | _a112;P | ||
| 942 | _cBK | ||
| 999 |
_c8846 _d8844 |
||